[Event "Ajka Borostyan Cup"]
[Site "Ajka"]
[Date "2009.07.16"]
[Round "6"]
[White "Laszlo, Peter Miklos"]
[Black "Szabo, Vilmos"]
[Result "1/2-1/2"]
[WhiteElo "1777"]
[BlackElo "1782"]
[PlyCount "108"]
[EventDate "2009.07.11"]
[EventType "swiss"]
[EventRounds "9"]
[EventCountry "HUN"]
[SourceTitle "EXT 2011"]
[Source "ChessBase"]
[SourceDate "2010.11.26"]
[SourceVersion "1"]
[SourceVersionDate "2010.11.26"]
[SourceQuality "1"]

1. g3 Nf6 2. Bg2 d5 3. d3 e6 4. Nf3 Be7 5. c4 dxc4 6. Qa4+ c6 7. Qxc4 0-0 8. 0-0 Nbd7 9. a3 Nb6 10. Qc2 a5 11. Nc3 Nbd5 12. Bd2 Re8 13. e4 Nb6 14. Ne1 e5 15. h3 Be6 16. a4 Qd7 17. Kh2 Red8 18. Be3 Nc8 19. f4 Qc7 20. f5 Bd7 21. g4 b5 22. Qf2 b4 23. Ne2 Rb8 24. g5 Nh5 25. Qh4 g6 26. Bf3 Nf4 27. f6 Bd6 28. Bxf4 exf4 29. d4 c5 30. e5 Bf8 31. Qxf4 Be6 32. Rc1 c4 33. Nd3 Nb6 34. h4 Nd5 35. Qd2 Rbc8 36. Bxd5 Bxd5 37. Ndf4 Be4 38. Qe3 Ba8 39. Kg1 Qc6 40. Kh2 Re8 41. Qf2 Qe4 42. Ng3 Qc6 43. Rfe1 c3 44. bxc3 bxc3 45. e6 fxe6 46. f7+ Kxf7 47. Rxc3 Qxc3 48. Nd5+ Kg8 49. Nxc3 Rxc3 50. Ne4 Bxe4 51. Rxe4 Bd6+ 52. Kg2 Rg3+ 53. Qxg3 Bxg3 54. Kxg3 Kf7 1/2-1/2

[Event "Ajka Borostyan Cup"]
[Site "Ajka"]
[Date "2009.07.15"]
[Round "5"]
[White "Boka, Robert"]
[Black "Laszlo, Peter Miklos"]
[Result "1-0"]
[WhiteElo "1857"]
[BlackElo "1777"]
[PlyCount "86"]
[EventDate "2009.07.11"]
[EventType "swiss"]
[EventRounds "9"]
[EventCountry "HUN"]
[SourceTitle "EXT 2011"]
[Source "ChessBase"]
[SourceDate "2010.11.26"]
[SourceVersion "1"]
[SourceVersionDate "2010.11.26"]
[SourceQuality "1"]

1. e4 g6 2. Nf3 Bg7 3. d4 d6 4. Bc4 Nf6 5. Nc3 0-0 6. 0-0 Nc6 7. h3 Nd7 8. Bg5 h6 9. Be3 e5 10. Qd2 Kh7 11. Rad1 Nb6 12. Bb3 exd4 13. Nxd4 Na5 14. f4 Nbc4 15. Qc1 Nxe3 16. Qxe3 Nxb3 17. Nxb3 Be6 18. Nd4 c5 19. Nf3 Qb6 20. f5 Bc4 21. Ne2 gxf5 22. Nh4 Qa6 23. Rd3 Bxd3 24. cxd3 Bd4 25. Nxd4 cxd4 26. Qf3 d5 27. Qxf5+ Kh8 28. Qe5+ f6 29. Qh5 Qxd3 30. Qxh6+ Kg8 31. Rf3 Qxe4 32. Nf5 Qe1+ 33. Kh2 Qe5+ 34. Rg3+ Qxg3+ 35. Kxg3 Kf7 36. Nxd4 Rg8+ 37. Kf2 Rg6 38. Qh5 Rd8 39. g4 Rd7 40. Qf5 Rd6 41. h4 a6 42. a3 Rg8 43. Kf3 b6 1-0

[Event "HUN-chT2 Szechenyi 0910"]
[Site "Hungary"]
[Date "2009.05.02"]
[Round "11.11"]
[White "Papp, Karoly"]
[Black "Laszlo, Peter Miklos"]
[Result "1-0"]
[WhiteElo "1889"]
[BlackElo "1779"]
[PlyCount "91"]
[EventDate "2009.11.08"]
[EventType "team-tourn"]
[EventRounds "11"]
[EventCountry "HUN"]
[SourceTitle "EXT 2011"]
[Source "ChessBase"]
[SourceDate "2010.11.26"]
[SourceVersion "1"]
[SourceVersionDate "2010.11.26"]
[SourceQuality "1"]
[WhiteTeam "Ajka Banyasz"]
[BlackTeam "BSC"]
[WhiteTeamCountry "HUN"]
[BlackTeamCountry "HUN"]

1. e4 c5 2. g3 Nc6 3. Bg2 Nf6 4. Nc3 e6 5. d3 a6 6. f4 d6 7. Nf3 Qc7 8. a4 Be7 9. 0-0 0-0 10. Re1 Nd7 11. Ne2 Bf6 12. c3 Rb8 13. Be3 b5 14. Rb1 Qa5 15. axb5 axb5 16. d4 cxd4 17. cxd4 Be7 18. d5 Nd8 19. b4 Qc7 20. Rc1 Qb7 21. Nfd4 Nf6 22. Nc6 exd5 23. Nxb8 dxe4 24. Qc2 Be6 25. Nc6 Nxc6 26. Qxc6 Qxc6 27. Rxc6 Nd5 28. Nd4 Nxb4 29. Nxe6 fxe6 30. Rc7 Nd5 31. Rb7 Nxe3 32. Rxe3 Kf7 33. Rxe4 d5 34. Re1 b4 35. Bxd5 exd5 36. Rexe7+ Kf6 37. Re5 Rd8 38. Rxb4 d4 39. Rb2 h6 40. Kf2 Rd6 41. Ke2 g5 42. Kd3 gxf4 43. gxf4 Ra6 44. Rc5 Kg6 45. Kxd4 Rd6+ 46. Rd5 1-0